[Event "Biel Master Tournament 2019"]
[Site "Biel"]
[Date "2019.07.29"]
[Round "7.8"]
[White "Santos Latasa, Jaime"]
[Black "Gukesh D"]
[Result "1/2-1/2"]
[WhiteElo "2594"]
[BlackElo "2520"]
[Annotator "ChessBase"]
[PlyCount "89"]
[EventDate "2019.07.20"]
[EventType "swiss"]
[EventCountry "SUI"]
[SourceTitle "playchess.com"]
[Source "ChessBase"]
[SourceQuality "1"]
[TimeControl "40/5400+30:1800+30"]

1. d4 {[%emt 0:01:12]} d5 {[%emt 0:00:21]} 2. c4 {[%emt 0:00:06]} e6 {[%emt 0:00:25]} 3. Nc3 {[%emt 0:00:10]} a6 {[%emt 0:01:00]} 4. cxd5 {[%emt 0:00:31]} exd5 {[%emt 0:00:01]} 5. Nf3 {[%emt 0:01:50]} Nf6 {[%emt 0:05:03]} 6. Bg5 {[%emt 0:00:32]} Be6 {[%emt 0:00:07]} 7. e3 {[%emt 0:00:11]} Nbd7 {[%emt 0:00:38]} 8. Bd3 {[%emt 0:00:07]} Bd6 {[%emt 0:00:26]} 9. O-O {[%emt 0:00:41]} O-O {[%emt 0:00:07]} 10. Qc2 {[%emt 0:00:27]} h6 {[%emt 0:00:33]} 11. Bf4 {[%emt 0:00:08]} Qe7 {[%emt 0:05:44]} 12. h3 {[%emt 0:01:36]} Rac8 {[%emt 0:05:11]} 13. Rac1 {[%emt 0:03:20]} c5 {[%emt 0:04:16]} 14. Bxd6 {[%emt 0:00:29]} Qxd6 {[%emt 0:00:03]} 15. dxc5 {[%emt 0:00:10]} Nxc5 {[%emt 0:00:09]} 16. Rfd1 {[%emt 0:01:04]} Rc7 {[%emt 0:18:32]} 17. Na4 {[%emt 0:05:07]} Rfc8 {[%emt 0:00:26]} 18. Nxc5 {[%emt 0:00:25]} Qxc5 {[%emt 0:01:34]} 19. Qxc5 {[%emt 0:00:18]} Rxc5 {[%emt 0:00:02]} 20. Rxc5 {[%emt 0:00:09]} Rxc5 {[%emt 0:00:02]} 21. Nd4 {[%emt 0:00:07]} Kf8 {[%emt 0:06:06]} 22. f3 {[%emt 0:02:00]} Ke7 {[%emt 0:00:42]} 23. Kf2 {[%emt 0:00:09]} Rc7 {[%emt 0:02:26]} 24. g4 {[%emt 0:00:53]} Nd7 {[%emt 0:01:16]} 25. Ke2 {[%emt 0:00:30]} Ne5 {[%emt 0:01:09]} 26. h4 {[%emt 0:04:03]} Nc6 {[%emt 0:01:28]} 27. Nf5+ {[%emt 0:06:07]} Bxf5 {[%emt 0:14:29]} 28. Bxf5 {[%emt 0:00:23]} Kd6 {[%emt 0:02:41]} 29. f4 {[%emt 0:02:11]} d4 {[%emt 0:06:46]} 30. Be4 {[%emt 0:09:06]} Re7 {[%emt 0:01:23]} 31. Kf3 {[%emt 0:00:10]} Kc5 {[%emt 0:01:03]} 32. a3 {[%emt 0:06:36]} h5 {[%emt 0:11:40]} 33. g5 {[%emt 0:01:46]} f5 {[%emt 0:03:07]} 34. gxf6 {[%emt 0:00:12]} gxf6 {[%emt 0:00:04]} 35. Rd3 {[%emt 0:01:36]} f5 {[%emt 0:01:01]} 36. Bxc6 {[%emt 0:01:09]} dxe3 {[%emt 0:01:18]} 37. Rxe3 {[%emt 0:05:04]} Rxe3+ {[%emt 0:00:01]} 38. Kxe3 {[%emt 0:00:08]} Kxc6 {[%emt 0:00:52]} 39. Kd4 {[%emt 0:00:21]} Kd6 {[%emt 0:00:04]} 40. a4 {[%emt 0:02:12]} a5 {[%emt 0:01:21]} 41. b3 {[%emt 0:30:24]} b6 {[%emt 0:30:54]} 42. Kc4 {[%emt 0:00:16]} Kc6 {[%emt 0:00:06]} 43. b4 {[%emt 0:00:40]} axb4 {[%emt 0:00:21]} 44. Kxb4 {[%emt 0:00:06]} Kd6 {[%emt 0:00:42]} 45. Kb5 {[%emt 0:00:25] Ke5} 1/2-1/2

[Event "Biel Master Tournament 2019"]
[Site "Biel"]
[Date "2019.07.29"]
[Round "7.9"]
[White "Petrosyan, Manuel"]
[Black "Rahul Srivatshav P"]
[Result "1-0"]
[WhiteElo "2592"]
[BlackElo "2414"]
[Annotator "ChessBase"]
[PlyCount "93"]
[EventDate "2019.07.20"]
[EventType "swiss"]
[EventCountry "SUI"]
[SourceTitle "playchess.com"]
[Source "ChessBase"]
[SourceQuality "1"]
[TimeControl "40/5400+30:1800+30"]

1. d4 {[%emt 0:02:14]} Nf6 {[%emt 0:00:11]} 2. c4 {[%emt 0:00:10]} g6 {[%emt 0:00:08]} 3. g3 {[%emt 0:00:13]} Bg7 {[%emt 0:00:06]} 4. Bg2 {[%emt 0:00:08]} O-O {[%emt 0:00:07]} 5. Nc3 {[%emt 0:00:37]} d6 {[%emt 0:00:08]} 6. Nf3 {[%emt 0:00:14]} Nc6 {[%emt 0:00:10]} 7. O-O {[%emt 0:00:39]} e5 {[%emt 0:00:05]} 8. dxe5 {[%emt 0:01:07]} dxe5 {[%emt 0:00:09]} 9. Bg5 {[%emt 0:00:40]} Be6 {[%emt 0:00:09]} 10. Qc1 {[%emt 0:00:20]} Qc8 {[%emt 0:00:33]} 11. Rd1 {[%emt 0:03:27]} Re8 {[%emt 0:01:08]} 12. b3 {[%emt 0:14:00]} Bf5 {[%emt 0:00:15]} 13. Nd2 {[%emt 0:07:09]} h6 {[%emt 0:03:06]} 14. Bxf6 {[%emt 0:01:42]} Bxf6 {[%emt 0:00:06]} 15. Bxc6 {[%emt 0:02:50]} bxc6 {[%emt 0:02:02]} 16. Nde4 {[%emt 0:00:07]} Bg7 {[%emt 0:04:07]} 17. Qe3 {[%emt 0:00:21]} Qe6 {[%emt 0:09:41]} 18. Rd2 {[%emt 0:05:40]} Bh3 {[%emt 0:15:59]} 19. f3 {[%emt 0:13:08]} f5 {[%emt 0:06:16]} 20. Nf2 {[%emt 0:03:38]} f4 {[%emt 0:00:22]} 21. Qc5 {[%emt 0:01:01]} a5 {[%emt 0:11:30]} 22. Nxh3 {[%emt 0:08:25]} Bf8 {[%emt 0:04:22]} 23. Qf2 {[%emt 0:00:07]} Bb4 {[%emt 0:00:05]} 24. Rd3 {[%emt 0:02:49]} Bxc3 {[%emt 0:00:41]} 25. Rxc3 {[%emt 0:00:05]} Qxh3 {[%emt 0:00:05]} 26. Rd1 {[%emt 0:00:15]} a4 {[%emt 0:02:23]} 27. b4 {[%emt 0:04:14]} Rab8 {[%emt 0:02:13]} 28. a3 {[%emt 0:02:46]} c5 {[%emt 0:00:50]} 29. b5 {[%emt 0:00:12]} Red8 {[%emt 0:00:15]} 30. Rcd3 {[%emt 0:01:12]} Rxd3 {[%emt 0:11:03]} 31. Rxd3 {[%emt 0:00:13]} Rf8 {[%emt 0:00:17]} 32. gxf4 {[%emt 0:03:55]} exf4 {[%emt 0:01:46]} 33. Qxc5 {[%emt 0:00:26]} Qh4 {[%emt 0:00:09]} 34. Qd5+ {[%emt 0:00:47]} Kh7 {[%emt 0:00:37]} 35. Qe5 {[%emt 0:01:21]} Rf7 {[%emt 0:00:14]} 36. Qe6 {[%emt 0:03:22]} Qg5+ {[%emt 0:01:18]} 37. Kf1 {[%emt 0:00:46]} Rg7 {[%emt 0:00:36]} 38. Rd5 {[%emt 0:07:28]} Qh4 {[%emt 0:00:13]} 39. Kg2 {[%emt 0:00:54]} Qe1 {[%emt 0:00:15]} 40. Rd7 {[%emt 0:00:50]} h5 {[%emt 0:02:45]} 41. Rxg7+ {[%emt 0:31:41]} Kxg7 {[%emt 0:30:09]} 42. Qe5+ {[%emt 0:00:16]} Kg8 {[%emt 0:00:05]} 43. c5 {[%emt 0:04:16]} Qa5 {[%emt 0:01:06]} 44. c6 {[%emt 0:03:23]} Qb6 {[%emt 0:01:48]} 45. Kf1 {[%emt 0:01:05]} Qb8 {[%emt 0:00:52]} 46. Qxf4 {[%emt 0:01:00]} Qb6 {[%emt 0:00:06]} 47. Qxa4 {[%emt 0:01:30]} 1-0

[Event "Biel Master Tournament 2019"]
[Site "Biel"]
[Date "2019.07.29"]
[Round "7.10"]
[White "Harika, Dronavalli"]
[Black "Jumabayev, Rinat"]
[Result "1/2-1/2"]
[WhiteElo "2425"]
[BlackElo "2633"]
[Annotator "ChessBase"]
[PlyCount "95"]
[EventDate "2019.07.20"]
[EventType "swiss"]
[EventCountry "SUI"]
[SourceTitle "playchess.com"]
[Source "ChessBase"]
[SourceQuality "1"]
[TimeControl "40/5400+30:1800+30"]

1. d4 {[%emt 0:02:48]} Nf6 {[%emt 0:00:00]} 2. c4 {[%emt 0:00:11]} g6 {[%emt 0:00:59]} 3. Nc3 {[%emt 0:00:12]} d5 {[%emt 0:00:04]} 4. cxd5 {[%emt 0:00:32]} Nxd5 {[%emt 0:00:03]} 5. e4 {[%emt 0:00:39]} Nxc3 {[%emt 0:00:04]} 6. bxc3 {[%emt 0:00:06]} Bg7 {[%emt 0:00:02]} 7. Nf3 {[%emt 0:00:31]} c5 {[%emt 0:00:06]} 8. h3 {[%emt 0:01:07]} O-O {[%emt 0:00:32]} 9. Be2 {[%emt 0:00:11]} b6 {[%emt 0:06:10]} 10. Be3 {[%emt 0:07:11]} Bb7 {[%emt 0:09:38]} 11. Qd3 {[%emt 0:01:00]} Nd7 {[%emt 0:18:13]} 12. O-O {[%emt 0:03:01]} Nf6 {[%emt 0:00:24]} 13. d5 {[%emt 0:13:55]} e6 {[%emt 0:03:16]} 14. c4 {[%emt 0:01:22]} exd5 {[%emt 0:01:53]} 15. exd5 {[%emt 0:00:19]} Re8 {[%emt 0:00:05]} 16. Rae1 {[%emt 0:04:14]} Ne4 {[%emt 0:07:13]} 17. Bd1 {[%emt 0:11:41]} b5 {[%emt 0:07:56]} 18. Bb3 {[%emt 0:01:00]} bxc4 {[%emt 0:01:11]} 19. Bxc4 {[%emt 0:04:01]} Nd6 {[%emt 0:00:11]} 20. Rd1 {[%emt 0:10:02]} Qf6 {[%emt 0:13:48]} 21. Ba6 {[%emt 0:05:13]} c4 {[%emt 0:01:21]} 22. Qa3 {[%emt 0:02:50]} Bxa6 {[%emt 0:10:20]} 23. Qxa6 {[%emt 0:00:35]} Nf5 {[%emt 0:02:33]} 24. Qxc4 {[%emt 0:05:28]} Rxe3 {[%emt 0:00:58]} 25. fxe3 {[%emt 0:00:05]} Nxe3 {[%emt 0:00:05]} 26. Qc6 {[%emt 0:02:36]} Rd8 {[%emt 0:05:03]} 27. Qxf6 {[%emt 0:02:21]} Bxf6 {[%emt 0:00:02]} 28. Rd3 {[%emt 0:00:36]} Nxf1 {[%emt 0:00:08]} 29. Kxf1 {[%emt 0:00:04]} Kf8 {[%emt 0:02:48]} 30. Nd2 {[%emt 0:00:38]} Rc8 {[%emt 0:00:26]} 31. Ne4 {[%emt 0:04:00]} Bd8 {[%emt 0:00:29]} 32. Ke2 {[%emt 0:03:11]} Rc4 {[%emt 0:03:59]} 33. Kf3 {[%emt 0:01:38]} f5 {[%emt 0:01:26]} 34. Nd6 {[%emt 0:05:04]} Rc2 {[%emt 0:01:24]} 35. Nb7 {[%emt 0:00:27]} Ke8 {[%emt 0:04:08]} 36. d6 {[%emt 0:02:32]} Kd7 {[%emt 0:00:21]} 37. Nxd8 {[%emt 0:00:08]} Kxd8 {[%emt 0:00:01]} 38. Ra3 {[%emt 0:00:11]} g5 {[%emt 0:00:39]} 39. Rxa7 {[%emt 0:00:46]} h5 {[%emt 0:00:31]} 40. a4 {[%emt 0:02:13]} g4+ {[%emt 0:00:21]} 41. hxg4 {[%emt 0:30:42]} fxg4+ {[%emt 0:30:07]} 42. Kg3 {[%emt 0:01:13]} h4+ {[%emt 0:00:00]} 43. Kxh4 {[%emt 0:00:00]} Rxg2 {[%emt 0:00:00]} 44. a5 {[%emt 0:00:00]} Rd2 {[%emt 0:00:00]} 45. Ra8+ {[%emt 0:00:00]} Kd7 {[%emt 0:00:00]} 46. a6 {[%emt 0:00:00]} Kc6 {[%emt 0:00:00]} 47. Rg8 {[%emt 0:00:00]} Kb6 {[%emt 0:00:00]} 48. Rxg4 {[%emt 0:04:05]} 1/2-1/2

[Event "Biel Master Tournament 2019"]
[Site "Biel"]
[Date "2019.07.29"]
[Round "7.11"]
[White "Harsha, Bharathakoti"]
[Black "Martirosyan, Haik M."]
[Result "0-1"]
[WhiteElo "2319"]
[BlackElo "2619"]
[Annotator "ChessBase"]
[PlyCount "62"]
[EventDate "2019.07.20"]
[EventType "swiss"]
[EventCountry "SUI"]
[SourceTitle "playchess.com"]
[Source "ChessBase"]
[SourceQuality "1"]
[TimeControl "40/5400+30:1800+30"]

1. e4 {[%emt 0:02:48]} e6 {[%emt 0:00:00]} 2. d4 {[%emt 0:00:08]} d5 {[%emt 0:00:00]} 3. Nc3 {[%emt 0:00:18]} Bb4 {[%emt 0:01:11]} 4. exd5 {[%emt 0:00:38]} exd5 {[%emt 0:00:32]} 5. Bd3 {[%emt 0:00:07]} Nf6 {[%emt 0:01:08]} 6. Nge2 {[%emt 0:00:37]} c6 {[%emt 0:00:41]} 7. O-O {[%emt 0:02:17]} O-O {[%emt 0:00:34]} 8. a3 {[%emt 0:04:38]} Be7 {[%emt 0:09:47]} 9. Bf4 {[%emt 0:22:18]} Nh5 {[%emt 0:08:49]} 10. Be3 {[%emt 0:22:06]} Bd6 {[%emt 0:02:27]} 11. Qd2 {[%emt 0:02:30]} Qc7 {[%emt 0:05:14]} 12. Ng3 {[%emt 0:01:38]} Nf4 {[%emt 0:01:07]} 13. Bf5 {[%emt 0:04:05]} Nd7 {[%emt 0:14:36]} 14. Nce2 {[%emt 0:05:32]} Nxe2+ {[%emt 0:01:23]} 15. Qxe2 {[%emt 0:00:07]} g6 {[%emt 0:12:59]} 16. Bd3 {[%emt 0:03:44]} f5 {[%emt 0:06:11]} 17. Bh6 {[%emt 0:03:55]} Rf7 {[%emt 0:01:26]} 18. Qe8+ {[%emt 0:14:00]} Nf8 {[%emt 0:01:10]} 19. f4 {[%emt 0:02:02]} Qb6 {[%emt 0:12:50]} 20. Ne2 {[%emt 0:01:02]} Rb8 {[%emt 0:00:10]} 21. Bxf8 {[%emt 0:00:41]} Rxf8 {[%emt 0:00:14]} 22. Qe3 {[%emt 0:00:06]} c5 {[%emt 0:00:38]} 23. c4 {[%emt 0:00:55]} cxd4 {[%emt 0:00:51]} 24. Qf3 {[%emt 0:01:25]} Be6 {[%emt 0:02:19]} 25. cxd5 {[%emt 0:00:13]} Bf7 {[%emt 0:00:06]} 26. Qf2 {[%emt 0:01:30]} Rfe8 {[%emt 0:03:23]} 27. Rfd1 {[%emt 0:01:41]} Qxb2 {[%emt 0:02:25]} 28. Rab1 {[%emt 0:01:03]} Qxa3 {[%emt 0:01:18]} 29. Nxd4 {[%emt 0:00:06]} Bc5 {[%emt 0:00:36]} 30. Kh1 {[%emt 0:00:21]} Bxd5 {[%emt 0:00:49]} 31. Bb5 {[%emt 0:01:21]} Re4 {[%emt 0:00:28]} 0-1

[Event "Biel Master Tournament 2019"]
[Site "Biel"]
[Date "2019.07.29"]
[Round "7.12"]
[White "Drozdowski, Kacper"]
[Black "Gopal G.N."]
[Result "0-1"]
[WhiteElo "2485"]
[BlackElo "2594"]
[Annotator "ChessBase"]
[PlyCount "92"]
[EventDate "2019.07.20"]
[EventType "swiss"]
[EventCountry "SUI"]
[SourceTitle "playchess.com"]
[Source "ChessBase"]
[SourceQuality "1"]
[TimeControl "40/5400+30:1800+30"]

1. e4 {[%emt 0:00:00]} c5 {[%emt 0:00:00]} 2. Nf3 {[%emt 0:00:00]} d6 {[%emt 0:00:00]} 3. d4 {[%emt 0:00:08]} cxd4 {[%emt 0:00:00]} 4. Nxd4 {[%emt 0:00:06]} Nf6 {[%emt 0:00:00]} 5. f3 {[%emt 0:00:08]} e5 {[%emt 0:00:24]} 6. Nb3 {[%emt 0:00:08]} d5 {[%emt 0:01:54]} 7. Bg5 {[%emt 0:00:08]} Be6 {[%emt 0:00:04]} 8. Bxf6 {[%emt 0:00:46]} gxf6 {[%emt 0:00:05]} 9. exd5 {[%emt 0:00:11]} Qxd5 {[%emt 0:00:37]} 10. Qxd5 {[%emt 0:00:13]} Bxd5 {[%emt 0:00:04]} 11. Nc3 {[%emt 0:00:11]} Be6 {[%emt 0:00:45]} 12. O-O-O {[%emt 0:01:59]} Nc6 {[%emt 0:02:55]} 13. Bb5 {[%emt 0:04:06]} Rc8 {[%emt 0:03:37]} 14. Ne4 {[%emt 0:06:12]} Ke7 {[%emt 0:42:00]} 15. Nec5 {[%emt 0:24:56]} b6 {[%emt 0:02:59]} 16. Nxe6 {[%emt 0:01:06]} fxe6 {[%emt 0:00:02]} 17. Kb1 {[%emt 0:03:44]} Bh6 {[%emt 0:07:13]} 18. Rhe1 {[%emt 0:00:55]} Rhg8 {[%emt 0:08:58]} 19. g3 {[%emt 0:00:16]} Rgd8 {[%emt 0:01:42]} 20. Rxd8 {[%emt 0:07:55]} Nxd8 {[%emt 0:01:43]} 21. Bd3 {[%emt 0:00:19]} Nf7 {[%emt 0:00:42]} 22. h4 {[%emt 0:10:05]} f5 {[%emt 0:04:40]} 23. g4 {[%emt 0:01:32]} fxg4 {[%emt 0:10:14]} 24. fxg4 {[%emt 0:00:20]} Bf4 {[%emt 0:00:07]} 25. g5 {[%emt 0:01:21]} h6 {[%emt 0:00:44]} 26. g6 {[%emt 0:01:05]} Nd6 {[%emt 0:00:02]} 27. c3 {[%emt 0:02:05]} Kf6 {[%emt 0:01:02]} 28. h5 {[%emt 0:03:32]} Nf5 {[%emt 0:03:16]} 29. Rd1 {[%emt 0:04:11]} Ng3 {[%emt 0:04:32]} 30. Bc2 {[%emt 0:02:59]} Rc7 {[%emt 0:00:12]} 31. Nd2 {[%emt 0:01:42]} Bxd2 {[%emt 0:03:13]} 32. Rxd2 {[%emt 0:00:18]} Nxh5 {[%emt 0:00:04]} 33. Rh2 {[%emt 0:00:21]} Kg5 {[%emt 0:01:16]} 34. Rg2+ {[%emt 0:00:04]} Kf6 {[%emt 0:00:01]} 35. Rh2 {[%emt 0:00:01]} Ng3 {[%emt 0:01:41]} 36. g7 {[%emt 0:09:08]} Rxg7 {[%emt 0:00:19]} 37. Rxh6+ {[%emt 0:00:03]} Kg5 {[%emt 0:00:32]} 38. Rxe6 {[%emt 0:00:02]} Kf4 {[%emt 0:00:05]} 39. b4 {[%emt 0:00:11]} e4 {[%emt 0:00:21]} 40. Kb2 {[%emt 0:01:06]} e3 {[%emt 0:01:15]} 41. Bd3 {[%emt 0:30:41]} Kf3 {[%emt 0:06:34]} 42. Kc2 {[%emt 0:00:00]} Nh5 {[%emt 0:03:11]} 43. c4 {[%emt 0:00:00]} Nf4 {[%emt 0:04:10]} 44. Be4+ {[%emt 0:00:00]} Kf2 {[%emt 0:02:25]} 45. Rf6 {[%emt 0:00:00]} Kg3 {[%emt 0:05:16]} 46. Kd1 {[%emt 0:00:00]} Re7 {[%emt 0:01:54]} 0-1

[Event "Biel Master Tournament 2019"]
[Site "Biel"]
[Date "2019.07.29"]
[Round "7.13"]
[White "Vaibhav, Suri"]
[Black "Aditya Mittal"]
[Result "1-0"]
[WhiteElo "2591"]
[BlackElo "2429"]
[Annotator "ChessBase"]
[PlyCount "105"]
[EventDate "2019.07.20"]
[EventType "swiss"]
[EventCountry "SUI"]
[SourceTitle "playchess.com"]
[Source "ChessBase"]
[SourceQuality "1"]
[TimeControl "40/5400+30:1800+30"]

1. e4 {[%emt 0:00:00]} c5 {[%emt 0:00:00]} 2. Nf3 {[%emt 0:00:00]} d6 {[%emt 0:00:00]} 3. d4 {[%emt 0:00:03]} cxd4 {[%emt 0:00:00]} 4. Nxd4 {[%emt 0:00:08]} Nf6 {[%emt 0:00:07]} 5. Nc3 {[%emt 0:00:04]} a6 {[%emt 0:00:10]} 6. Be2 {[%emt 0:00:08]} e5 {[%emt 0:00:12]} 7. Nb3 {[%emt 0:00:06]} Be7 {[%emt 0:00:09]} 8. Be3 {[%emt 0:00:06]} Be6 {[%emt 0:05:25]} 9. f4 {[%emt 0:01:45]} exf4 {[%emt 0:06:26]} 10. Bxf4 {[%emt 0:00:10]} Qb6 {[%emt 0:01:28]} 11. Qd2 {[%emt 0:03:48]} Nc6 {[%emt 0:05:00]} 12. O-O-O {[%emt 0:05:00]} Ne5 {[%emt 0:03:42]} 13. Nd4 {[%emt 0:06:50]} O-O {[%emt 0:05:56]} 14. g4 {[%emt 0:17:09]} Qa5 {[%emt 0:18:41]} 15. Nf5 {[%emt 0:15:03]} Bxf5 {[%emt 0:04:01]} 16. exf5 {[%emt 0:00:06]} Rfe8 {[%emt 0:04:51]} 17. g5 {[%emt 0:04:02]} Nfd7 {[%emt 0:00:26]} 18. Kb1 {[%emt 0:05:23]} Rac8 {[%emt 0:09:46]} 19. Nd5 {[%emt 0:04:09]} Qxd2 {[%emt 0:00:11]} 20. Nxe7+ {[%emt 0:13:34]} Kf8 {[%emt 0:00:37]} 21. Rxd2 {[%emt 0:00:30]} Kxe7 {[%emt 0:00:02]} 22. Rhd1 {[%emt 0:01:30]} Rc6 {[%emt 0:00:32]} 23. Bf1 {[%emt 0:00:48]} Rec8 {[%emt 0:13:27]} 24. b3 {[%emt 0:02:38]} R8c7 {[%emt 0:06:08]} 25. h4 {[%emt 0:02:12]} Nc5 {[%emt 0:02:03]} 26. Bg2 {[%emt 0:03:40]} Rb6 {[%emt 0:00:13]} 27. f6+ {[%emt 0:02:29]} gxf6 {[%emt 0:00:08]} 28. gxf6+ {[%emt 0:00:03]} Kxf6 {[%emt 0:00:18]} 29. Bg5+ {[%emt 0:00:58]} Kg7 {[%emt 0:07:06]} 30. Bd8 {[%emt 0:00:20]} Ne6 {[%emt 0:01:12]} 31. Bxc7 {[%emt 0:00:20]} Nxc7 {[%emt 0:00:02]} 32. Rxd6 {[%emt 0:00:52]} Rb4 {[%emt 0:02:07]} 33. h5 {[%emt 0:04:15]} Nb5 {[%emt 0:01:48]} 34. h6+ {[%emt 0:00:14]} Kf8 {[%emt 0:00:01]} 35. Rd8+ {[%emt 0:00:18]} Ke7 {[%emt 0:00:01]} 36. R1d2 {[%emt 0:02:03]} b6 {[%emt 0:02:59]} 37. Rc8 {[%emt 0:03:49]} Rh4 {[%emt 0:01:11]} 38. a4 {[%emt 0:01:14]} Nd6 {[%emt 0:01:07]} 39. Rc7+ {[%emt 0:00:32]} Ke6 {[%emt 0:00:39]} 40. a5 {[%emt 0:02:06]} bxa5 {[%emt 0:00:51]} 41. Ra7 {[%emt 0:02:30]} Ne4 {[%emt 0:07:57]} 42. Rxa6+ {[%emt 0:02:03]} Kf5 {[%emt 0:00:17]} 43. Bxe4+ {[%emt 0:00:23]} Rxe4 {[%emt 0:00:38]} 44. Rxa5 {[%emt 0:00:49]} Kg6 {[%emt 0:00:12]} 45. Ra6+ {[%emt 0:01:39]} f6 {[%emt 0:00:11]} 46. c4 {[%emt 0:01:39]} Kxh6 {[%emt 0:00:46]} 47. Rxf6+ {[%emt 0:07:54]} Kg5 {[%emt 0:00:10]} 48. Rff2 {[%emt 0:01:02]} Nc6 {[%emt 0:01:49]} 49. Rg2+ {[%emt 0:01:09]} Kf4 {[%emt 0:00:53]} 50. Rdf2+ {[%emt 0:01:01]} Ke5 {[%emt 0:00:26]} 51. Re2 {[%emt 0:00:37]} Nd4 {[%emt 0:00:24]} 52. Rg5+ {[%emt 0:01:35]} Kf4 {[%emt 0:00:08]} 53. Rg4+ {[%emt 0:00:04]} 1-0

[Event "Biel Master Tournament 2019"]
[Site "Biel"]
[Date "2019.07.29"]
[Round "7.14"]
[White "Moussard, Jules"]
[Black "Akash G"]
[Result "1-0"]
[WhiteElo "2576"]
[BlackElo "2394"]
[Annotator "ChessBase"]
[PlyCount "75"]
[EventDate "2019.07.20"]
[EventType "swiss"]
[EventCountry "SUI"]
[SourceTitle "playchess.com"]
[Source "ChessBase"]
[SourceQuality "1"]
[TimeControl "40/5400+30:1800+30"]

1. e4 {[%emt 0:11:14]} e5 {[%emt 0:00:00]} 2. Nf3 {[%emt 0:00:07]} Nc6 {[%emt 0:00:05]} 3. Bb5 {[%emt 0:00:04]} a6 {[%emt 0:00:22]} 4. Ba4 {[%emt 0:00:06]} Nf6 {[%emt 0:00:11]} 5. O-O {[%emt 0:00:28]} Be7 {[%emt 0:00:16]} 6. Re1 {[%emt 0:00:21]} b5 {[%emt 0:00:31]} 7. Bb3 {[%emt 0:00:05]} d6 {[%emt 0:00:09]} 8. c3 {[%emt 0:00:06]} O-O {[%emt 0:00:11]} 9. h3 {[%emt 0:00:47]} Nb8 {[%emt 0:00:20]} 10. d4 {[%emt 0:00:07]} Nbd7 {[%emt 0:00:08]} 11. Nbd2 {[%emt 0:01:56]} Bb7 {[%emt 0:00:12]} 12. Bc2 {[%emt 0:00:11]} Re8 {[%emt 0:00:11]} 13. Nf1 {[%emt 0:00:06]} Bf8 {[%emt 0:00:08]} 14. Ng3 {[%emt 0:00:05]} g6 {[%emt 0:00:26]} 15. a4 {[%emt 0:00:24]} c5 {[%emt 0:00:50]} 16. d5 {[%emt 0:04:42]} c4 {[%emt 0:00:08]} 17. Bg5 {[%emt 0:00:32]} h6 {[%emt 0:01:01]} 18. Be3 {[%emt 0:00:12]} Nc5 {[%emt 0:00:23]} 19. Nd2 {[%emt 0:16:54]} Nfd7 {[%emt 0:09:22]} 20. Qe2 {[%emt 0:06:13]} Qc7 {[%emt 0:03:55]} 21. Ra3 {[%emt 0:03:01]} Nb6 {[%emt 0:02:44]} 22. a5 {[%emt 0:04:09]} Nbd7 {[%emt 0:03:28]} 23. Rc1 {[%emt 0:10:35]} Bc8 {[%emt 0:16:35]} 24. Ngf1 {[%emt 0:10:25]} Bg7 {[%emt 0:15:37]} 25. Nxc4 {[%emt 0:09:02]} bxc4 {[%emt 0:01:58]} 26. Qxc4 {[%emt 0:00:05]} Ne6 {[%emt 0:06:37]} 27. Nd2 {[%emt 0:02:34]} Qxc4 {[%emt 0:10:48]} 28. Nxc4 {[%emt 0:00:17]} Nf4 {[%emt 0:00:08]} 29. Nxd6 {[%emt 0:01:56]} Rd8 {[%emt 0:00:14]} 30. Nxc8 {[%emt 0:00:42]} Rdxc8 {[%emt 0:00:40]} 31. Kf1 {[%emt 0:00:37]} Nc5 {[%emt 0:03:15]} 32. b4 {[%emt 0:11:25]} Ncd3 {[%emt 0:01:08]} 33. Rb1 {[%emt 0:01:23]} Nxb4 {[%emt 0:08:28]} 34. Rxb4 {[%emt 0:00:16]} Bf8 {[%emt 0:00:05]} 35. Rbb3 {[%emt 0:01:05]} Bxa3 {[%emt 0:00:06]} 36. Rxa3 {[%emt 0:00:03]} Rab8 {[%emt 0:05:39]} 37. Bb6 {[%emt 0:00:41]} Rc4 {[%emt 0:00:40]} 38. g3 {[%emt 0:00:52]} 1-0